00527nam a2200169 450000500170000001000150001702000260003203500140005803700130007208200120008524500870009726000450018427000670022930000240029650000190032070000180033920191227113331.0 aENG-127257 a9780199496464c699.00 aEN-110789 bDBAD/PUB a330.954 aA concise handbook of the Indian economy in the 21st century /ced.by Ashima Goyal aNew DelhibOxford University Pressc2019 a22 Workspace, 2nd Floor, 1/22 Asaf Ali RoadbNew Delhie110002 axx;444p.c21cm(pbk) aIncludes index aGoyal, Ashima